000
00211 a2200097 4500
001
45049
100
_a
Lockitt C.H
245
_a
The art of the essayist
260
_a
London
_b
Longman
_c
090
_c
28326
_d
28326
942
_a
NUST-CAE
_c
M
_c
20365
999
_c
280122
_d
280122